2000年及以后内地撤销与更名的区 - Statistics

General Stats
  • This quiz has been taken 3 times
  • The average score is 38 of 132
Answer Stats
上级行政区 撤销年份 划归 撤销区 % Correct
北京 2010 西城区 宣武区
100%
北京 2010 东城区 崇文区
100%
天津 2009 滨海新区 塘沽区
100%
长治 2018 潞州区 郊区
100%
上海 2009 浦东新区 南汇区
100%
上海 2011 黄浦区 卢湾区
100%
上海 2015 静安区 闸北区
100%
杭州 2021 上城区、钱塘区 江干区
100%
杭州 2021 拱墅区 下城区
100%
合肥 2002 包河区 郊区
100%
南昌 2002 青山湖区 郊区
100%
安阳 2003 龙安区 郊区
100%
新乡 2003 红旗区、卫滨区 郊区
100%
衡阳 2001 蒸湘区 郊区
100%
柳州 2002 柳北区、柳南区、城中区、鱼峰区 郊区
100%
银川 2002 金凤区 郊区
100%
天津 2009 滨海新区 汉沽区
67%
天津 2009 滨海新区 大港区
67%
保定 2015 莲池区 南市区
67%
大同 2018 平城区 城区
67%
大同 2018 云冈区 矿区
67%
长治 2018 潞州区 城区
67%
上海 2000 黄浦区 南市区
67%
合肥(巢湖) 2011 巢湖市 居巢区
67%
芜湖 2020 弋江区 三山区
67%
马鞍山 2012 花山区 金家庄区
67%
济宁 2013 任城区 市中区
67%
安阳 2002 殷都区 铁西区
67%
广州 2005 越秀区 东山区
67%
广州 2014 黄埔区 萝岗区
67%
重庆 2011 綦江区 万盛区
67%
重庆 2025 两江新区 江北区
67%
重庆 2025 两江新区 渝北区
67%
广元 2007 利州区 市中区
67%
遂宁 2003 船山区、安居区 市中区
67%
银川 2002 兴庆区 城区
67%
乌鲁木齐 2007 米东区 东山区
67%
石家庄 2014 长安区、桥西区 桥东区
33%
唐山 2002 丰润区 新区
33%
邢台 2020 襄都区 桥东区
33%
邢台 2020 信都区 桥西区
33%
哈尔滨 2006 香坊区 动力区
33%
伊春 2019 汤旺县 乌伊岭区
33%
伊春 2019 汤旺县 汤旺河区
33%
伊春 2019 南岔县 南岔区
33%
南京 2013 秦淮区 白下区
33%
苏州 2012 姑苏区 平江区
33%
宁波 2016 鄞州区 江东区
33%
三明 2021 三元区 梅列区
33%
济南(莱芜) 2018 莱芜区 莱城区
33%
青岛 2012 市北区 四方区
33%
洛阳 2021 孟津区 吉利区
33%
襄阳(襄樊) 2010 襄州区 襄阳区
33%
衡阳 2001 珠晖区 江东区
33%
广州 2005 荔湾区 芳村区
33%
汕头 2003 金平区 金园区
33%
茂名 2014 电白区 茂港区
33%
南宁 2004 青秀区 新城区
33%
重庆 2011 大足区 双桥区
33%
银川 2002 西夏区 新城区
33%
保定 2015 莲池区 北市区
0%
保定 2015 竞秀区 新市区
0%
大同 2018 云冈区 南郊区
0%
沈阳 2006 沈北新区 新城子区
0%
沈阳 2014 浑南区 东陵区
0%
白山 2010 浑江区 八道江区
0%
哈尔滨 2004 道外区 太平区
0%
佳木斯 2006 郊区 永红区
0%
伊春 2019 丰林县 新青区
0%
伊春 2019 丰林县 红星区
0%
伊春 2019 丰林县 五营区
0%
伊春 2019 大箐山县 带岭区
0%
伊春 2019 伊美区、乌翠区 乌马河区
0%
伊春 2019 伊美区 伊春区
0%
伊春 2019 伊美区 美溪区
0%
伊春 2019 乌翠区 翠峦区
0%
伊春 2019 友好区 上甘岭区
0%
伊春 2019 金林区 西林区
0%
伊春 2019 金林区 金山屯区
0%
南京 2002 六合区 大厂区
0%
南京 2013 鼓楼区 下关区
0%
无锡 2015 梁溪区 崇安区
0%
无锡 2015 梁溪区 南长区
0%
无锡 2015 梁溪区 北塘区
0%
徐州 2010 鼓楼区、泉山区、铜山区 九里区
0%
常州 2015 武进区 戚墅堰区
0%
苏州 2012 姑苏区 沧浪区
0%
苏州 2012 姑苏区 金阊区
0%
南通 2020 崇川区 港闸区
0%
连云港 2001 连云区、新浦区 云台区
0%
连云港 2014 海州区 新浦区
0%
淮安 2012 淮安区 楚州区
0%
淮安 2016 清江浦区 清河区
0%
淮安 2016 清江浦区 清浦区
0%
扬州 2011 邗江区 维扬区
0%
合肥 2002 瑶海区 东市区
0%
合肥 2002 庐阳区 中市区
0%
合肥 2002 蜀山区 西市区
0%
芜湖 2006 镜湖区 新芜区
0%
芜湖 2006 弋江区 马塘区
0%
马鞍山 2001 金家庄区、花山区、雨山区 向山区
0%
铜陵 2015 铜官区 铜官山区
0%
铜陵 2015 铜官区 狮子山区
0%
厦门 2003 思明区 鼓浪屿区
0%
厦门 2003 思明区 开元区
0%
厦门 2003 海沧区 杏林区
0%
南昌 2019 新建区 湾里区
0%
九江 2016 濂溪区 庐山区
0%
郑州 2004 惠济区 邙山区
0%
开封 2014 龙亭区 金明区
0%
新乡 2003 凤泉区 北站区
0%
新乡 2003 卫滨区、牧野区 新华区
0%
黄石 2001 西塞山区 石灰窑区
0%
衡阳 2001 雁峰区 城南区
0%
衡阳 2001 石鼓区 城北区
0%
永州 2005 零陵区 芝山区
0%
汕头 2003 金平区 升平区
0%
汕头 2003 濠江区 河浦区
0%
汕头 2003 濠江区 达濠区
0%
南宁 2004 西乡塘区 城北区
0%
南宁 2004 西乡塘区 永新区
0%
梧州 2003 长洲区 市郊区
0%
梧州 2013 万秀区 蝶山区
0%
海口 2002 龙华区 新华区
0%
海口 2002 美兰区 振东区
0%
广元 2013 昭化区 元坝区
0%
贵阳 2012 花溪区 小河区
0%
天水 2004 秦州区 秦城区
0%
天水 2004 麦积区 北道区
0%
石嘴山 2002 大武口区 石炭井区
0%
石嘴山 2004 惠农区 石嘴山区
0%
乌鲁木齐 2002 达坂城区 南泉区
0%
No matching quizzes found
Score Distribution
Percent of People with Each Score
Percentile by Number Answered
Your Score History
You have not taken this quiz